01311nam a2200289 a 4500001001000000005001700010008004100027041000800068044000700076050002300083100001400106245003300120260005900153300004400212500001800256500003200274500001100306500005900317500003000376500003400406500004300440500015500483500009400638505014800732506009200880650004900972BRCA_866620190320210349.0021216s1789----it-#######---#000-0#lat-# alat ait 4aBX1970b.V73c17891 aV., Pauli10aMissale monasticumcPauli V. aVenetiisbEx typographia joannis antonii pezzanac1789 a1 vol. (con varias paginaciones)c33 cm aFondo antiguo aSe encuentra en Caja Fuerte aCOF-31 aPortada impresa en dos tintas negro y rojo con grabado aUso de letras capitulares aTexto impreso en dos columnas aIncluye tablas y pentagramas musicales aNota de encuadernación: terciopelo y aplicaciones de plata en relieve con la imagen de ángeles y jesús, broches metálicos en plata incompletos aCon dedicatoria: Pius episcopus servus servorum dei, Clemens Papa VIII, Urbanus Papa VIII0 aSe incluye otro libro con el título: Missae Sanctorum quae concessae jussu editae illustrissimi ac reverendissimo domini D. Michaelis Navazio0 aFondo reservado: para su consulta es necesario credencial de usuario y carta de motivos14aIglesia católicaeLiturgia y rigualvMisal